[Event "Titled Tuesday intern op 23rd Feb"]
[Site "Chess.com INT"]
[Date "2021.02.23"]
[Round "11"]
[White "Ostrovskiy, Aleksandr A"]
[Black "Stark, Lars"]
[Result "1-0"]
[WhiteElo "2431"]
[BlackElo "2381"]
[PlyCount "205"]
[EventDate "2021.02.23"]
[EventType "swiss (blitz)"]
[EventRounds "11"]
[EventCountry "USA"]
[SourceTitle "CBM 200 Extra"]
[Source "ChessBase"]
[SourceDate "2021.03.31"]
[SourceVersion "1"]
[SourceVersionDate "2021.03.31"]
[SourceQuality "1"]

1. d4 Nf6 2. Bf4 e6 3. e3 c5 4. Nf3 Nc6 5. c3 Nh5 6. Bg5 Qb6 7. Qb3 h6 8. Bh4 g5 9. Bg3 Nxg3 10. hxg3 Bg7 11. Nbd2 d5 12. Qxb6 axb6 13. Bb5 Bd7 14. a4 Ke7 15. g4 Rhc8 16. Ke2 Rc7 17. Nb3 Kd6 18. Rhd1 c4 19. Nbd2 Na5 20. e4 Rcc8 21. e5+ Ke7 22. Ne1 Ra7 23. g3 Rca8 24. f4 Nb3 25. Bxd7 Nxa1 26. Bb5 Nb3 27. Nxb3 cxb3 28. Nd3 f6 29. Nc1 fxe5 30. fxe5 Rf8 31. Nxb3 Rf7 32. Rf1 Rxf1 33. Kxf1 Ra8 34. Nc1 Rf8+ 35. Kg2 Rh8 36. Be2 Bf8 37. Nd3 Kd7 38. Nf2 Be7 39. Bb5+ Kc7 40. Nd1 h5 41. gxh5 Rxh5 42. Be2 Rh8 43. Bg4 Kd7 44. Ne3 Ra8 45. Nxd5 Ra6 46. Ne3 Rxa4 47. d5 Ra2 48. Bxe6+ Kd8 49. d6 Rxb2+ 50. Kf3 Bf8 51. Nd5 b5 52. Ke4 Re2+ 53. Kf5 Rg2 54. Kf6 Rf2+ 55. Kg6 g4 56. Bxg4 Bxd6 57. exd6 Rd2 58. Nf6 Rxd6 59. Kf5 Rd3 60. Ne4 Kc7 61. Be2 Re3 62. Bxb5 Kb6 63. c4 Rf3+ 64. Ke5 Kc7 65. g4 Kd8 66. g5 Ke7 67. Kd4 Rf4 68. Ke5 Rf1 69. Nc5 Re1+ 70. Kd5 b6 71. Na4 Rg1 72. Nxb6 Rxg5+ 73. Kc6 Kd8 74. Nd5 Rg6+ 75. Kc5 Kc8 76. Nb4 Kc7 77. Nd5+ Kb7 78. Ba4 Rg5 79. Bc2 Rh5 80. Be4 Kc8 81. Kd6 Rh6+ 82. Ke5 Rh5+ 83. Kd4 Kd7 84. c5 Rh6 85. Ne3 Kc7 86. Nd5+ Kc8 87. Nc3 Rh4 88. Kd5 Rh5+ 89. Kd6 Rh6+ 90. Kd5 Kd7 91. Nb5 Kd8 92. Nd6 Kc7 93. Nb5+ Kb7 94. Nd4 Rh8 95. Kd6+ Kc8 96. Ne6 Rh6 97. Bc6 Rg6 98. Bd7+ Kb8 99. c6 Rg8 100. c7+ Ka7 101. Nd8 Rg6+ 102. Be6 Rxe6+ 103. Kxe6 1-0

[Event "Titled Tuesday intern op 23rd Feb"]
[Site "Chess.com INT"]
[Date "2021.02.23"]
[Round "5"]
[White "Stark, Lars"]
[Black "Sorokin, Aleksey"]
[Result "0-1"]
[WhiteElo "2381"]
[BlackElo "2521"]
[PlyCount "40"]
[EventDate "2021.02.23"]
[EventType "swiss (blitz)"]
[EventRounds "11"]
[EventCountry "USA"]
[SourceTitle "CBM 200 Extra"]
[Source "ChessBase"]
[SourceDate "2021.03.31"]
[SourceVersion "1"]
[SourceVersionDate "2021.03.31"]
[SourceQuality "1"]

1. c4 Nf6 2. g3 e5 3. Bg2 d5 4. cxd5 Nxd5 5. Nf3 Nc6 6. 0-0 Nb6 7. b3 Bd6 8. Nc3 0-0 9. Bb2 Bf5 10. d4 Rb8 11. d5 Ne7 12. e4 Bg4 13. h3 Bxf3 14. Bxf3 c6 15. dxc6 Nxc6 16. Nd5 Nxd5 17. Qxd5 Bc7 18. Rfd1 Bb6 19. Bxe5 Qxd5 20. Bxb8 Qc5 0-1